Statistics for Countries with subway/metro systems

Click here to take the quiz!

General Stats

  • This quiz has been taken 991 times
  • The average score is 46 of 55

Answer Stats

Answer% Correct
United States
99%
United Kingdom
98%
Canada
97%
Brazil
96%
China
96%
France
96%
Japan
96%
Mexico
96%
Russia
96%
Spain
96%
Argentina
95%
Sweden
95%
Germany
94%
Italy
94%
Norway
94%
Finland
93%
India
93%
Austria
92%
Portugal
92%
South Korea
92%
Denmark
91%
Egypt
91%
Belgium
90%
Chile
90%
Poland
90%
Colombia
89%
Greece
89%
The Netherlands
89%
Switzerland
88%
Thailand
87%
Turkey
87%
Ukraine
87%
Hungary
86%
Peru
86%
United Arab Emirates
85%
Venezuela
84%
Romania
83%
Saudi Arabia
82%
Iran
80%
North Korea
79%
Bulgaria
78%
Malaysia
78%
Singapore
77%
Belarus
76%
Czech Republic
76%
Taiwan
76%
Philippines
70%
Algeria
69%
Kazakhstan
68%
Armenia
67%
Azerbaijan
64%
Panama
63%
Georgia
58%
Uzbekistan
58%
Dominican Republic
36%

Score Distribution

Percentile by Number Answered

Percent of People with Each Score

Your Score History

You have not taken this quiz